| 000 | 00917nam0a22002891 4500 | ||
|---|---|---|---|
| 001 | v19\rc\1926635 | ||
| 005 | 20251118180823.8 | ||
| 035 | _a(NLR Aleph) 005025264 | ||
| 090 |
_a6632419 _c6632419 |
||
| 100 | _a20080404d1912 u y0rusy50 ca | ||
| 101 | 1 |
_arus _cfre |
|
| 102 | _aRU | ||
| 105 | _ay z |||a| | ||
| 200 | 1 |
_aÐаÑижÑкий мÑж _eРоман _fÐип _gÐеÑ. Ð.Ð. Ðагова |
|
| 210 |
_aСанкÑ-ÐеÑеÑбÑÑг _cÑип. ÐÐ Ñип. дела в Спб. _d1912 |
||
| 215 |
_a[2], 188 Ñ. _d21 |
||
| 700 | 0 |
_7ca _8rus _aÐип _cпÑевдоним _f1849-1932 _9252455 _3RU\NLR\AUTH\770252511 |
|
| 702 | 1 |
_aÐагов _bÐ.Ð. _gÐиколай Ð. _4730 |
|
| 801 | 0 |
_aRU _bNLR _gpsbo |
|
| 801 | 0 |
_aRU _bRuMoRGB _2psbo |
|
| 801 | 1 |
_aRU _bProSoft-M _2rusmarc |
|
| 852 |
_aNLR _j37.37.7.69 |
||
| 852 |
_aNLR _j133/1229 |
||
| 899 |
_aRuMoRGB _jF 137/28 |
||
| 942 | _cBOOK | ||
| 980 | _aNB | ||